| 000 | 00756nam a22002177a 4500 | ||
|---|---|---|---|
| 999 |
_c16633 _d16633 |
||
| 003 | AR-CdUCM | ||
| 008 | 190329b ||||| |||| 00| 0 spa d | ||
| 040 |
_aMUNICIPALIDAD PROVINCIAL DEL CUSCO _cBIBLIOTECA MUNICIPAL DEL CUSCO |
||
| 082 |
_a869.96 / _bB45 / 1928 |
||
| 100 |
_aBernal, Emilia _926583 |
||
| 245 |
_aCuestiones Cubanas : _bPara América / |
||
| 260 |
_aMadrid : _bHernández y Galo Sáez, _c1928. |
||
| 300 |
_a316 páginas ; _c18 cm. |
||
| 440 |
_aEstudios y conferencias _936195 |
||
| 505 | _aContenido: Estudio político - social Cubano -- Resumen histórico -- Los poetas mártires ... | ||
| 650 |
_aPoesías cubanas _917349 |
||
| 650 |
_aSiglo XX _98 |
||
| 650 |
_aLiteratura _983 |
||
| 942 |
_2ddc _cLIBROS |
||
| 945 |
_arah _d04/05/2019 |
||